00322nam a2200121Ia 4500008004100000041000800041082001400049100001600063245004500079260003900124300003000163365000700193240624s9999 xx 000 0 und d aeng a650.1 ASA aASACKER TOM aSANDBOX WISDOM REVOLUTIONIZE YOUR BUSINE c2004aNew DelhibPearson Education aix, : 121 : p. : cm. ; 22 cRS